Statistics for "I Have a Dream" Speech

Click here to take the quiz!

General Stats

  • This quiz has been taken 295 times
  • The average score is 10 of 24

Answer Stats

Answer % Correct
"We hold these truths to be self-evident, that all men are created {equal}."
97%
I have a dream that one day on the red hills of Georgia the sons of former {slave}s and the sons of former {slave} owners...
92%
I have a dream that one day even the state of {Mississippi}, a state sweltering with the heat of injustice, ...
67%
....little black boys and black girls will be able to join {hands} with little white boys and white girls as sisters and brothers.
65%
I have a dream that my four little children will one day live in a nation
where they will not be judged by the color of their skin but by the content of their {character}.
61%
But not only that; let freedom ring from Stone Mountain of {Georgia}.
60%
the rough places will be made plain, and the crooked places will be made {straight},
58%
"Free at last! Free at last! Thank God {Almighty}, we are free at last!"
57%
...all of God's children will be able to sing with new meaning, "My country 'tis of thee, sweet land of {liberty}, of thee I sing.
52%
Let freedom ring from the snow-capped Rockies of {Colorado}.
48%
Land where my father's died, land of the {Pilgrim}'s pride, from every mountainside, let freedom ring!"
41%
...sweltering with the heat of oppression, will be transformed into an {oasis} of freedom and justice.
35%
Let freedom ring from Lookout Mountain of {Tennessee}.
34%
I have a dream that one day this nation will rise up and live out the true meaning of its {creed}:
31%
Let freedom ring from the curvaceous slopes of {California}.
30%
With this faith we will be able to hew out of the mountain of despair a stone of {hope}.
29%
...will be able to sit down together at the table of {brotherhood}.
26%
Let freedom ring from the heightening Alleghenies of {Pennsylvania}.
23%
Let freedom ring from the mighty mountains of {New York}.
19%
and the glory of the Lord shall be {revealed} and all flesh shall see it together.
14%
I have a dream that one day every valley shall be {exalted}, and every hill and mountain shall be made low,
10%
With this faith we will be able to transform the jangling discords of our nation into a beautiful {symphony} of brotherhood.
9%
And if America is to be a great nation, this must become true. And so let freedom ring from the prodigious hilltops of {New Hampshire}.
7%
Let freedom ring from every hill and molehill of Mississippi -- from every {mountainside}, let freedom ring.
5%

Score Distribution

Percentile by Number Answered

Percent of People with Each Score

Your Score History

You have not taken this quiz